00351nam a22001457a 4500003000700000005001700007008004100024082002000065100001700085245002200102260003300124300000800157490002300165650001700188MPLRDC20220104124607.0210129b ||||| |||| 00| 0 eng d a859.4 HOCS v.15 a张文改编 a神奇的画笔c ab香港海鸥出版公司c b平 a海鸥彩色丛书 a儿童故事